[Event "Online Olym Div3 D"]
[Site "Chess.com INT"]
[Date "2020.08.08"]
[Round "6.2"]
[White "White, Rushawn"]
[Black "Machin Rivera, Mark"]
[Result "1/2-1/2"]
[WhiteElo "1743"]
[BlackElo "2341"]
[PlyCount "105"]
[EventDate "2020.08.07"]
[EventType "team-tourn (rapid)"]
[EventRounds "9"]
[EventCountry "USA"]
[SourceTitle "CBM 198"]
[Source "ChessBase"]
[SourceDate "2020.10.31"]
[SourceVersion "1"]
[SourceVersionDate "2020.10.31"]
[SourceQuality "1"]
[WhiteTeam "Jamaica"]
[BlackTeam "Puerto Rico"]
[WhiteTeamCountry "JAM"]
[BlackTeamCountry "PUR"]

1. e4 g6 2. d4 Bg7 3. Bc4 d6 4. c3 Nf6 5. Qe2 e5 6. Bg5 0-0 7. dxe5 dxe5 8. Nd2 h6 9. Bh4 c6 10. 0-0-0 b5 11. Bb3 a5 12. f4 Nbd7 13. Ngf3 Qe7 14. Rhe1 Ba6 15. fxe5 Nxe5 16. Nxe5 Qxe5 17. Nf3 Qf4+ 18. Qd2 Nh5 19. Qxf4 Nxf4 20. Bg3 Nh5 21. Bd6 Rfe8 22. a3 Bc8 23. Nd4 Bxd4 24. cxd4 Bg4 25. Rd2 a4 26. Ba2 Rad8 27. Bc5 Nf4 28. Bxf7+ Kxf7 29. Rf2 g5 30. g3 Bf5 31. gxf4 Rxe4 32. Rxe4 Bxe4 33. fxg5+ Kg6 34. gxh6 Kxh6 35. Kd2 Re8 36. Kc3 Bd5 37. Kb4 Re1 38. Ka5 Rg1 39. Kb6 Kg6 40. Bd6 Rg2 41. Rxg2+ Bxg2 42. Kc5 Kf5 43. h4 Bd5 44. Be7 Ke6 45. Bg5 Kf5 46. Bc1 Kg6 47. Bg5 Kh5 48. Bd8 Kg6 49. Bg5 Kh5 50. Bd8 Kg4 51. Bg5 Kf5 52. Bd8 Kg6 53. Bg5 1/2-1/2

[Event "Iberoamericano Chess24"]
[Site "chess24.com INT"]
[Date "2020.06.01"]
[Round "1.1"]
[White "Salgado Lopez, Ivan"]
[Black "Machin Rivera, Mark"]
[Result "1-0"]
[WhiteElo "2584"]
[BlackElo "2341"]
[PlyCount "49"]
[EventDate "2020.06.01"]
[EventType "k.o. (blitz)"]
[EventRounds "6"]
[EventCountry "ESP"]
[SourceTitle "CBM 197 Extra"]
[Source "ChessBase"]
[SourceDate "2020.09.30"]
[SourceVersion "1"]
[SourceVersionDate "2020.09.30"]
[SourceQuality "1"]

1. e4 g6 2. d4 Bg7 3. Nc3 d6 4. f4 a6 5. Nf3 b5 6. Bd3 Nd7 7. a4 b4 8. Ne2 c5 9. c3 Qc7 10. 0-0 c4 11. Bb1 a5 12. e5 Nh6 13. Ng5 Nb6 14. Ng3 0-0 15. exd6 Qxd6 16. N5e4 Qc7 17. Nc5 Nf5 18. Nxf5 gxf5 19. Qh5 bxc3 20. bxc3 Nd5 21. Bd2 e6 22. Rf3 Nf6 23. Qh4 Bb7 24. Rg3 Kh8 25. Rxg7 1-0

[Event "Olympiad-42"]
[Site "Baku"]
[Date "2016.09.12"]
[Round "10.1"]
[White "Machin Rivera, Mark"]
[Black "Rakotomaharo, Fy Antenaina"]
[Result "1/2-1/2"]
[WhiteElo "2339"]
[BlackElo "2439"]
[PlyCount "131"]
[EventDate "2016.09.02"]
[EventType "team-swiss"]
[EventRounds "11"]
[EventCountry "AZE"]
[SourceTitle "CBM 175"]
[Source "ChessBase"]
[SourceDate "2016.11.10"]
[SourceVersion "1"]
[SourceVersionDate "2016.11.10"]
[SourceQuality "1"]
[WhiteTeam "Puerto Rico"]
[BlackTeam "Madagascar"]
[WhiteTeamCountry "PUR"]
[BlackTeamCountry "MAD"]

1. c4 c6 2. g3 d5 3. Nf3 Nf6 4. Bg2 g6 5. b3 Bg7 6. Bb2 0-0 7. 0-0 a5 8. d3 a4 9. Nbd2 Nbd7 10. Qc2 Re8 11. Ne5 a3 12. Bc3 Nc5 13. Ndf3 Ne6 14. Rab1 g5 15. h3 Qc7 16. cxd5 Nxd5 17. Ba1 f6 18. Ng4 h5 19. Ngh2 h4 20. gxh4 Nef4 21. e3 Nxh3+ 22. Kh1 Qd6 23. hxg5 Nxg5 24. Nxg5 fxg5 25. Bxd5+ Qxd5+ 26. e4 Qd6 27. Rg1 Bxa1 28. Rxa1 Kf7 29. Qc3 Qf6 30. Qc5 Rg8 31. Rae1 Be6 32. d4 Rh8 33. Rg2 Rh5 34. d5 cxd5 35. exd5 Bf5 36. f3 Rah8 37. Qc7 Qd6 38. Qxd6 exd6 39. Kg1 Kf6 40. Rge2 Rh4 41. Nf1 Rf4 42. Kg2 g4 43. Rf2 Kg5 44. Ng3 gxf3+ 45. Rxf3 Rxf3 46. Kxf3 Rh2 47. Rg1 Kf6 48. Ke3 Bg6 49. Ne2 b5 50. b4 Bf5 51. Nd4 Rh3+ 52. Nf3 Bg6 53. Kf4 Rh5 54. Rg2 Rxd5 55. Rf2 Bf7 56. Ke3 Rf5 57. Rd2 Ke7 58. Rd3 Bxa2 59. Rxa3 Bc4 60. Ra7+ Kf6 61. Rh7 Rd5 62. Nd4 Rg5 63. Rh6+ Ke7 64. Rh7+ Kf6 65. Rh6+ Ke7 66. Rh7+ 1/2-1/2

[Event "Olympiad-42"]
[Site "Baku"]
[Date "2016.09.10"]
[Round "8.1"]
[White "Machin Rivera, Mark"]
[Black "Amin, Bassem"]
[Result "0-1"]
[WhiteElo "2339"]
[BlackElo "2661"]
[PlyCount "148"]
[EventDate "2016.09.02"]
[EventType "team-swiss"]
[EventRounds "11"]
[EventCountry "AZE"]
[SourceTitle "CBM 175"]
[Source "ChessBase"]
[SourceDate "2016.11.10"]
[SourceVersion "1"]
[SourceVersionDate "2016.11.10"]
[SourceQuality "1"]
[WhiteTeam "Puerto Rico"]
[BlackTeam "Egypt"]
[WhiteTeamCountry "PUR"]
[BlackTeamCountry "EGY"]

1. c4 g6 2. g3 Bg7 3. Bg2 Nf6 4. Nc3 0-0 5. d4 d6 6. e3 e5 7. Nge2 Re8 8. 0-0 e4 9. h3 h5 10. b4 Bf5 11. Nf4 c6 12. b5 Nbd7 13. bxc6 bxc6 14. Qa4 c5 15. Rd1 Nb6 16. Qb3 cxd4 17. exd4 Qc8 18. Nb5 Nxc4 19. Bf1 Na5 20. Qa3 Nb7 21. Nxd6 Nxd6 22. Qxd6 Rd8 23. Qa6 Qxa6 24. Bxa6 g5 25. Ne2 Rd6 26. Bc4 Rc8 27. Bb3 Bxh3 28. Bxg5 Bg4 29. Rd2 Nd5 30. Rc1 Rxc1+ 31. Nxc1 Bf3 32. Ne2 Rg6 33. Bh4 Nb4 34. d5 Nd3 35. Kf1 Bg4 36. Rc2 Be5 37. Rc4 Bf5 38. Nc1 Nb2 39. Rb4 a5 40. Rb7 a4 41. Bc2 Rd6 42. Rb5 Nd3 43. Ne2 Bh3+ 44. Kg1 Bg4 45. Kf1 Bf6 46. Bxf6 Rxf6 47. Nf4 Nxf4 48. gxf4 Rxf4 49. Rb4 a3 50. Bxe4 Kg7 51. d6 h4 52. Rd4 Bd7 53. Rb4 Bc6 54. Kg1 Kf6 55. f3 Bxe4 56. fxe4 Ke6 57. Rd4 Kd7 58. Rd3 Rxe4 59. Rxa3 Kxd6 60. Rf3 Ke6 61. a3 f5 62. Kg2 Kf6 63. Rb3 Kg5 64. Kf3 Rf4+ 65. Kg2 Kg4 66. Rc3 Rd4 67. Rc2 f4 68. Ra2 h3+ 69. Kf2 f3 70. Ke3 Ra4 71. Ra1 h2 72. Kf2 Re4 73. Rh1 Re2+ 74. Kf1 Ra2 0-1

[Event "Olympiad-42"]
[Site "Baku"]
[Date "2016.09.08"]
[Round "6.1"]
[White "Vachier Lagrave, Maxime"]
[Black "Machin Rivera, Mark"]
[Result "1-0"]
[WhiteElo "2813"]
[BlackElo "2339"]
[PlyCount "87"]
[EventDate "2016.09.02"]
[EventType "team-swiss"]
[EventRounds "11"]
[EventCountry "AZE"]
[SourceTitle "CBM 175"]
[Source "ChessBase"]
[SourceDate "2016.11.10"]
[SourceVersion "1"]
[SourceVersionDate "2016.11.10"]
[SourceQuality "1"]
[WhiteTeam "France"]
[BlackTeam "Puerto Rico"]
[WhiteTeamCountry "FRA"]
[BlackTeamCountry "PUR"]

1. e4 g6 2. d4 Bg7 3. Nc3 c6 4. Nf3 d6 5. Be3 Qb6 6. Qc1 Nf6 7. h3 0-0 8. Bd3 Nbd7 9. a4 Qa5 10. 0-0 e5 11. Re1 Re8 12. Qd2 exd4 13. Nxd4 Nc5 14. Bf1 Qc7 15. f3 a5 16. Rad1 b6 17. Bf4 Bf8 18. Nb3 Nb7 19. Bh2 Nd7 20. g4 Ne5 21. Qf2 Be6 22. Nd4 Nd7 23. f4 Ndc5 24. f5 Bc8 25. Nxc6 Bd7 26. Nd4 gxf5 27. exf5 Rxe1 28. Rxe1 Nxa4 29. Nd5 Qd8 30. Ne6 fxe6 31. fxe6 Bxe6 32. Rxe6 Nac5 33. Nf6+ Kg7 34. Nh5+ Kg8 35. Bc4 d5 36. Bxd5 Qxd5 37. Nf6+ Kh8 38. Nxd5 Nxe6 39. Qf6+ Ng7 40. Qc6 Ra7 41. Qc8 Kg8 42. Qb8 b5 43. Ne7+ Kh8 44. Qxf8# 1-0

[Event "Olympiad-42"]
[Site "Baku"]
[Date "2016.09.04"]
[Round "3.1"]
[White "Machin Rivera, Mark"]
[Black "Zhang, Zhong"]
[Result "0-1"]
[WhiteElo "2339"]
[BlackElo "2637"]
[PlyCount "66"]
[EventDate "2016.09.02"]
[EventType "team-swiss"]
[EventRounds "11"]
[EventCountry "AZE"]
[SourceTitle "CBM 175"]
[Source "ChessBase"]
[SourceDate "2016.11.10"]
[SourceVersion "1"]
[SourceVersionDate "2016.11.10"]
[SourceQuality "1"]
[WhiteTeam "Puerto Rico"]
[BlackTeam "Singapore"]
[WhiteTeamCountry "PUR"]
[BlackTeamCountry "SIN"]

1. c4 e6 2. g3 d5 3. Bg2 Nf6 4. Nf3 d4 5. e3 c5 6. 0-0 Nc6 7. exd4 cxd4 8. Re1 Bd6 9. d3 h6 10. Na3 0-0 11. Nc2 a5 12. a3 e5 13. Rb1 a4 14. Nb4 Re8 15. c5 Bc7 16. Nd2 Bg4 17. Qc2 Qd7 18. Nc4 Bh3 19. Bh1 Re6 20. Bd2 Bf5 21. Rbc1 e4 22. dxe4 Nxb4 23. Bxb4 d3 24. Qd1 Bxe4 25. Nd6 Bxh1 26. Kxh1 Rxe1+ 27. Qxe1 Bxd6 28. cxd6 Re8 29. Qd1 Qf5 30. Rc3 Ne4 31. Rxd3 Nxf2+ 32. Kg1 Nxd1 33. Rxd1 Re2 0-1

[Event "Bridgetown sub zt 2.3.5"]
[Site "Bridgetown"]
[Date "2016.05.02"]
[Round "9"]
[White "Machin Rivera, Mark"]
[Black "Cupid, Kevin"]
[Result "1/2-1/2"]
[WhiteElo "2347"]
[BlackElo "2170"]
[PlyCount "60"]
[EventDate "2016.04.28"]
[EventType "swiss"]
[EventRounds "9"]
[EventCountry "BAR"]
[SourceTitle "CBM 172 Extra"]
[Source "ChessBase"]
[SourceDate "2016.06.21"]
[SourceVersion "1"]
[SourceVersionDate "2016.06.21"]
[SourceQuality "1"]

1. c4 c6 2. g3 e5 3. Bg2 Nf6 4. d4 Bb4+ 5. Bd2 Qb6 6. c5 Qa5 7. a3 Bxd2+ 8. Qxd2 Qxd2+ 9. Nxd2 exd4 10. Nc4 0-0 11. b4 b6 12. cxb6 d5 13. bxa7 Rxa7 14. Nb2 Na6 15. Rc1 Bf5 16. Nf3 Be4 17. 0-0 Bxf3 18. Bxf3 Nb8 19. Ra1 Nbd7 20. Rfc1 Ne5 21. Rd1 Rfa8 22. a4 Rb8 23. b5 Nxf3+ 24. exf3 cxb5 25. axb5 Rab7 26. Rxd4 Rxb5 27. Rd2 Kf8 28. Nd3 Rb1+ 29. Rd1 Rxd1+ 30. Rxd1 Rb6 1/2-1/2

[Event "Olympiad-41"]
[Site "Tromsoe"]
[Date "2014.08.14"]
[Round "11.1"]
[White "Machin Rivera, Mark"]
[Black "De la Riva Aguado, Oscar"]
[Result "1/2-1/2"]
[WhiteElo "2341"]
[BlackElo "2523"]
[PlyCount "82"]
[EventDate "2014.08.02"]
[EventType "team-swiss"]
[EventRounds "11"]
[EventCountry "NOR"]
[SourceTitle "CBM 162"]
[Source "ChessBase"]
[SourceDate "2014.09.17"]
[SourceVersion "1"]
[SourceVersionDate "2014.09.17"]
[SourceQuality "1"]
[WhiteTeam "Puerto Rico"]
[BlackTeam "Andorra"]
[WhiteTeamCountry "PUR"]
[BlackTeamCountry "AND"]

1. c4 g6 2. g3 Bg7 3. Bg2 d6 4. Nc3 f5 5. d3 c6 6. e4 Nf6 7. Nge2 0-0 8. 0-0 a5 9. h3 Na6 10. Be3 Rb8 11. Ba7 Ra8 12. Be3 e5 13. Qd2 Be6 14. Rad1 Rb8 15. exf5 gxf5 16. f4 Qe8 17. Na4 b5 18. fxe5 dxe5 19. Nc5 Nxc5 20. Bxc5 Rf7 21. Bd6 Rd8 22. c5 Nd5 23. Rde1 b4 24. Nc1 Rxd6 25. cxd6 Qd7 26. Nb3 Qxd6 27. Qc1 Ne7 28. Nxa5 Qxd3 29. Nxc6 Qxg3 30. Rf3 Qh4 31. Ref1 Nxc6 32. Qxc6 Qd4+ 33. R3f2 Rf6 34. Kh1 h6 35. Qe8+ Kh7 36. a4 bxa3 37. bxa3 e4 38. Qh5 Qe3 39. a4 Bc4 40. Rxf5 Bxf1 41. Rxf1 Rxf1+ 1/2-1/2

[Event "Olympiad-41"]
[Site "Tromsoe"]
[Date "2014.08.11"]
[Round "9.1"]
[White "Machin Rivera, Mark"]
[Black "Emojong, Elijah"]
[Result "1-0"]
[WhiteElo "2341"]
[BlackElo "2334"]
[PlyCount "57"]
[EventDate "2014.08.02"]
[EventType "team-swiss"]
[EventRounds "11"]
[EventCountry "NOR"]
[SourceTitle "CBM 162"]
[Source "ChessBase"]
[SourceDate "2014.09.17"]
[SourceVersion "1"]
[SourceVersionDate "2014.09.17"]
[SourceQuality "1"]
[WhiteTeam "Puerto Rico"]
[BlackTeam "Uganda"]
[WhiteTeamCountry "PUR"]
[BlackTeamCountry "UGA"]

1. c4 c5 2. g3 g6 3. Bg2 Bg7 4. Nc3 Nc6 5. e3 e5 6. Nge2 Nge7 7. 0-0 0-0 8. d3 d6 9. b3 Rb8 10. Bb2 Be6 11. Nd5 b5 12. Qd2 f5 13. f4 a6 14. Rac1 b4 15. Rfd1 Bf7 16. Nxe7+ Nxe7 17. fxe5 dxe5 18. d4 cxd4 19. exd4 exd4 20. Bxd4 Bxd4+ 21. Qxd4 Qa5 22. Qb2 Rbd8 23. Nf4 g5 24. Nh3 h6 25. Qf6 Qc5+ 26. Kh1 Bg6 27. Rxd8 Rxd8 28. Re1 Rd7 29. Qe6+ 1-0

[Event "Olympiad-41"]
[Site "Tromsoe"]
[Date "2014.08.09"]
[Round "7.1"]
[White "Gruenfeld, Yehuda"]
[Black "Machin Rivera, Mark"]
[Result "1/2-1/2"]
[WhiteElo "2448"]
[BlackElo "2341"]
[PlyCount "72"]
[EventDate "2014.08.02"]
[EventType "team-swiss"]
[EventRounds "11"]
[EventCountry "NOR"]
[SourceTitle "CBM 162"]
[Source "ChessBase"]
[SourceDate "2014.09.17"]
[SourceVersion "1"]
[SourceVersionDate "2014.09.17"]
[SourceQuality "1"]
[WhiteTeam "ICCD"]
[BlackTeam "Puerto Rico"]
[BlackTeamCountry "PUR"]

1. e4 g6 2. d4 Bg7 3. Nc3 c6 4. Nf3 d6 5. Be3 Bg4 6. Qd2 Qc7 7. Nh4 b5 8. h3 Bc8 9. Bd3 Nd7 10. 0-0 a6 11. f4 c5 12. e5 Bb7 13. exd6 Qxd6 14. Ne4 Qc7 15. Nxc5 Nxc5 16. dxc5 Bxb2 17. Rab1 Bg7 18. a4 bxa4 19. Qb4 Bc6 20. Qb6 Qc8 21. Nf3 Bxf3 22. Rxf3 Nf6 23. Qa5 0-0 24. Qxa4 Nd5 25. Bd4 Nc3 26. Bxc3 Qxc5+ 27. Kh1 Bxc3 28. Bxa6 Bf6 29. Qc4 Qa5 30. Bb7 Rad8 31. Be4 Rd4 32. Qe2 Qa4 33. Re1 Rfd8 34. g3 Rd2 35. Qf1 R2d4 36. Bd3 Qc6 1/2-1/2

[Event "Olympiad-41"]
[Site "Tromsoe"]
[Date "2014.08.08"]
[Round "6.1"]
[White "Machin Rivera, Mark"]
[Black "Rasmussen, Allan Stig"]
[Result "0-1"]
[WhiteElo "2341"]
[BlackElo "2522"]
[PlyCount "100"]
[EventDate "2014.08.02"]
[EventType "team-swiss"]
[EventRounds "11"]
[EventCountry "NOR"]
[SourceTitle "CBM 162"]
[Source "ChessBase"]
[SourceDate "2014.09.17"]
[SourceVersion "1"]
[SourceVersionDate "2014.09.17"]
[SourceQuality "1"]
[WhiteTeam "Puerto Rico"]
[BlackTeam "Denmark"]
[WhiteTeamCountry "PUR"]
[BlackTeamCountry "DEN"]

1. c4 Nf6 2. g3 c6 3. Nf3 d5 4. Bg2 Bf5 5. cxd5 cxd5 6. Qb3 Nc6 7. 0-0 e5 8. d3 Qd7 9. Nc3 d4 10. Ne4 Nxe4 11. dxe4 Be6 12. Qa4 f6 13. Bd2 Be7 14. Rfc1 0-0 15. Ne1 Rac8 16. Nd3 b6 17. h4 Rc7 18. Rc2 Rb8 19. Rcc1 Bd6 20. Qd1 Qf7 21. Kh2 Rbc8 22. Bh3 Bxh3 23. Kxh3 f5 24. f3 fxe4 25. fxe4 Qg6 26. Qh1 h5 27. Kh2 Rf8 28. Rf1 Rcf7 29. Rxf7 Rxf7 30. Qg2 Nb8 31. Rc1 Nd7 32. Rc6 Nf6 33. Bg5 Ng4+ 34. Kg1 Qe6 35. b3 Qd7 36. Rc1 Be7 37. Bd2 Rf6 38. Rf1 Qc6 39. Rc1 Qb7 40. Rf1 Rxf1+ 41. Qxf1 Qxe4 42. Qf3 Qg6 43. Qd5+ Kh7 44. Kf1 Bd6 45. Kg2 e4 46. Nf4 Bxf4 47. Bxf4 d3 48. exd3 Nf6 49. Qd4 exd3 50. Bg5 Qe4+ 0-1

[Event "Olympiad-41"]
[Site "Tromsoe"]
[Date "2014.08.06"]
[Round "5.1"]
[White "Muniz Pardino, Alberto"]
[Black "Machin Rivera, Mark"]
[Result "0-1"]
[WhiteElo "2106"]
[BlackElo "2341"]
[PlyCount "96"]
[EventDate "2014.08.02"]
[EventType "team-swiss"]
[EventRounds "11"]
[EventCountry "NOR"]
[SourceTitle "CBM 162"]
[Source "ChessBase"]
[SourceDate "2014.09.17"]
[SourceVersion "1"]
[SourceVersionDate "2014.09.17"]
[SourceQuality "1"]
[WhiteTeam "Hong Kong"]
[BlackTeam "Puerto Rico"]
[WhiteTeamCountry "HKG"]
[BlackTeamCountry "PUR"]

1. e4 g6 2. d4 Bg7 3. Nc3 d6 4. Be3 a6 5. a4 b6 6. f4 Bb7 7. Nf3 Nd7 8. Bc4 e6 9. d5 exd5 10. Bxd5 Bxd5 11. exd5 Ne7 12. Nd4 0-0 13. 0-0 Bxd4 14. Bxd4 Nf5 15. Rf3 Re8 16. g4 Nxd4 17. Qxd4 Qh4 18. h3 Re1+ 19. Rxe1 Qxe1+ 20. Kg2 Qc1 21. Ne4 Re8 22. Rf2 Qe1 23. Ng3 Nc5 24. b3 Re3 25. Nf1 Re4 26. Qf6 Re2 27. Qd4 Rxf2+ 28. Qxf2 Qe4+ 29. Kh2 Qxd5 30. Ng3 Ne6 31. f5 Qd4 32. Qg2 Nf4 33. Qa8+ Kg7 34. Qf3 g5 35. Ne4 f6 36. Nf2 d5 37. Nd3 Nxd3 38. cxd3 Qb2+ 39. Kg3 Qxb3 40. Qe3 Qb4 41. Qe8 Qd6+ 42. Kf3 c5 43. Qc8 c4 44. dxc4 dxc4 45. Qxa6 Qc7 46. Kg2 c3 47. Qf1 c2 48. Qc1 Qc4 0-1

[Event "PUR-DOM m"]
[Site "Guaynabo"]
[Date "2013.09.28"]
[Round "2.1"]
[White "Dominguez, Jose Manuel"]
[Black "Machin Rivera, Mark"]
[Result "0-1"]
[WhiteElo "2298"]
[BlackElo "2354"]
[PlyCount "74"]
[EventDate "2013.09.27"]
[EventType "team-match"]
[EventRounds "2"]
[EventCountry "PUR"]
[SourceTitle "CBM 156 Extra"]
[Source "ChessBase"]
[SourceDate "2013.10.22"]
[SourceVersion "1"]
[SourceVersionDate "2013.10.22"]
[SourceQuality "1"]
[WhiteTeam "Dominican Republic"]
[BlackTeam "Puerto Rico"]
[WhiteTeamCountry "DOM"]
[BlackTeamCountry "PUR"]

1. e4 g6 2. d4 Bg7 3. Nf3 d6 4. Be2 Nf6 5. Nc3 0-0 6. 0-0 c6 7. a4 Qc7 8. h3 e5 9. Bg5 h6 10. Be3 exd4 11. Nxd4 Re8 12. Bf3 Nbd7 13. Qd2 Kh7 14. Ndb5 cxb5 15. Nxb5 Qd8 16. Nxd6 Rf8 17. Rad1 Qe7 18. a5 Ne5 19. Be2 Nc6 20. f3 Rd8 21. c4 Ne8 22. c5 Be5 23. f4 Bxd6 24. cxd6 Nxd6 25. Qc1 Nxe4 26. Bf3 f5 27. a6 Be6 28. Bxe4 fxe4 29. f5 gxf5 30. Bxh6 Rg8 31. axb7 Qxb7 32. Rd6 Rac8 33. Rxe6 Nd4 34. Bf8 Rxg2+ 35. Kxg2 e3+ 36. Kg3 Rxc1 37. Rxc1 Nxe6 0-1

[Event "PUR-DOM m"]
[Site "Guaynabo"]
[Date "2013.09.27"]
[Round "1.1"]
[White "Machin Rivera, Mark"]
[Black "Dominguez, Jose Manuel"]
[Result "0-1"]
[WhiteElo "2354"]
[BlackElo "2298"]
[PlyCount "152"]
[EventDate "2013.09.27"]
[EventType "team-match"]
[EventRounds "2"]
[EventCountry "PUR"]
[SourceTitle "CBM 156 Extra"]
[Source "ChessBase"]
[SourceDate "2013.10.22"]
[SourceVersion "1"]
[SourceVersionDate "2013.10.22"]
[SourceQuality "1"]
[WhiteTeam "Puerto Rico"]
[BlackTeam "Dominican Republic"]
[WhiteTeamCountry "PUR"]
[BlackTeamCountry "DOM"]

1. c4 Nf6 2. g3 e5 3. Bg2 Be7 4. Nc3 0-0 5. Nf3 d6 6. 0-0 Re8 7. d4 Nbd7 8. b3 Bf8 9. Qc2 c6 10. e4 a6 11. Be3 b5 12. d5 Bb7 13. Qd3 b4 14. Na4 cxd5 15. cxd5 a5 16. Nd2 Ng4 17. Nc4 Nxe3 18. Qxe3 Ba6 19. Rfc1 Be7 20. h4 Bb5 21. Nab6 Nxb6 22. Nxb6 Rb8 23. Nc4 a4 24. bxa4 Bxa4 25. Rab1 g5 26. h5 g4 27. Qe2 Bg5 28. Ne3 Kh8 29. Rb2 Rg8 30. Rcb1 b3 31. axb3 Bb5 32. Qe1 Bxe3 33. Qxe3 Qg5 34. Qxg5 Rxg5 35. Rc1 Rxh5 36. Ra2 Rg5 37. Ra7 Be8 38. Bf1 Rg8 39. Rc3 Rf8 40. Ra6 f5 41. exf5 Rxf5 42. Rxd6 Bg6 43. Bd3 Rf3 44. Bxg6 Rxc3 45. Bh5 Rcxb3 46. Re6 Rb1+ 47. Kg2 Rd8 48. Rxe5 Rd1 49. Bf7 Kg7 50. Be6 Kf6 51. Rf5+ Kg6 52. Rf4 h5 53. Bf7+ Kg5 54. f3 Rd2+ 55. Kg1 Rb8 56. fxg4 Rb1+ 57. Rf1 Rbb2 58. Re1 Kxg4 59. Rc1 Rg2+ 60. Kh1 Rh2+ 61. Kg1 Rhg2+ 62. Kh1 Rgf2 63. Be6+ Kxg3 64. Rc3+ Kf4 65. Kg1 Rfd2 66. Rc4+ Ke5 67. Rc1 Rd3 68. Rf1 Rg3+ 69. Kh1 h4 70. Re1+ Kd6 71. Rc1 h3 72. Rg1 Rxg1+ 73. Kxg1 h2+ 74. Kh1 Ke5 75. d6 Kxe6 76. d7 Rb1+ 0-1

[Event "PUR-ch"]
[Site "Bayamon"]
[Date "2013.05.26"]
[Round "4"]
[White "Berrios Echevarria, Gabriel"]
[Black "Machin Rivera, Mark"]
[Result "0-1"]
[WhiteElo "2200"]
[BlackElo "2329"]
[PlyCount "93"]
[EventDate "2013.05.24"]
[EventType "swiss"]
[EventRounds "9"]
[EventCountry "PUR"]
[SourceTitle "CBM 154 Extra"]
[Source "ChessBase"]
[SourceDate "2013.06.25"]
[SourceVersion "2"]
[SourceVersionDate "2013.06.25"]
[SourceQuality "1"]

1. e4 g6 2. d4 Bg7 3. Nc3 c6 4. Be3 Qb6 5. Na4 Qa5+ 6. c3 d6 7. b4 Qc7 8. Bd3 Nf6 9. Ne2 0-0 10. 0-0 Nbd7 11. h3 e5 12. f4 exd4 13. cxd4 Re8 14. e5 Nd5 15. Bd2 f6 16. Nec3 dxe5 17. Nxd5 cxd5 18. fxe5 fxe5 19. Qf3 Kh8 20. Qf7 Rf8 21. Qxd5 exd4 22. Rf7 Qc6 23. Rxf8+ Nxf8 24. Qxc6 bxc6 25. Be4 Bd7 26. Nc5 Be8 27. Rf1 Rc8 28. Bg5 Kg8 29. Bd3 Bf7 30. a3 Ne6 31. Be7 Nxc5 32. Bxc5 Rc7 33. Be4 Bb3 34. Rb1 Ba4 35. Bd3 Bb5 36. Bc2 Bc4 37. Rd1 Rd7 38. Be4 Bb5 39. Bc2 Bf6 40. Kf2 d3 41. Bb3+ Kg7 42. a4 Ba6 43. Be6 Bd4+ 44. Kf3 Rd8 45. Bxd4+ Rxd4 46. b5 cxb5 47. axb5 0-1

[Event "Cayey Linares 4th"]
[Site "Cayey"]
[Date "2012.09.16"]
[Round "5"]
[White "Machin Rivera, Mark"]
[Black "Zapata, Alonso"]
[Result "1-0"]
[WhiteElo "2323"]
[BlackElo "2480"]
[PlyCount "65"]
[EventDate "2012.09.16"]
[EventType "tourn (rapid)"]
[EventRounds "5"]
[EventCountry "PUR"]
[SourceTitle "CBM 150 Extra"]
[Source "ChessBase"]
[SourceDate "2012.10.19"]
[SourceVersion "1"]
[SourceVersionDate "2012.10.19"]
[SourceQuality "1"]

1. c4 g6 2. g3 Bg7 3. Bg2 e5 4. Nc3 d6 5. e4 a5 6. Nge2 Ne7 7. d4 Nec6 8. Be3 exd4 9. Nxd4 0-0 10. 0-0 Ne5 11. b3 Ng4 12. Bf4 Nc6 13. Nxc6 bxc6 14. Rc1 g5 15. Bd2 Ne5 16. f4 Nd3 17. Rb1 gxf4 18. Qe2 f3 19. Qxf3 Ne5 20. Qd1 Bg4 21. Qc2 Qd7 22. Rbe1 f5 23. h3 fxe4 24. hxg4 d5 25. cxd5 cxd5 26. Nxd5 Qxd5 27. Bxe4 Rxf1+ 28. Rxf1 Qd4+ 29. Kg2 Rd8 30. Bc3 Qd6 31. Bxh7+ Kh8 32. Rh1 Nxg4 33. Bg8+ 1-0

[Event "Olympiad-40"]
[Site "Istanbul"]
[Date "2012.09.03"]
[Round "6.1"]
[White "Wiedenkeller, Michael"]
[Black "Machin Rivera, Mark"]
[Result "1/2-1/2"]
[WhiteElo "2475"]
[BlackElo "2323"]
[PlyCount "93"]
[EventDate "2012.08.28"]
[EventType "team-swiss"]
[EventRounds "11"]
[EventCountry "TUR"]
[SourceTitle "CBM 151"]
[Source "ChessBase"]
[SourceDate "2012.11.13"]
[SourceVersion "1"]
[SourceVersionDate "2012.11.13"]
[SourceQuality "1"]
[WhiteTeam "Luxembourg"]
[BlackTeam "Puerto Rico"]
[WhiteTeamCountry "LUX"]
[BlackTeamCountry "PUR"]

1. d4 Nf6 2. c4 g6 3. Nc3 Bg7 4. e4 d6 5. f3 0-0 6. Be3 a6 7. Nge2 Nbd7 8. Qd2 c5 9. dxc5 dxc5 10. 0-0-0 Qc7 11. Nf4 e6 12. Be2 b6 13. h4 h5 14. Kb1 Bb7 15. Qd6 Qxd6 16. Rxd6 Rfd8 17. Rhd1 Bf8 18. R6d2 Be7 19. Nd3 Ne8 20. g3 Bc6 21. e5 Ng7 22. Bf2 Nf5 23. a3 Nd4 24. Bxd4 cxd4 25. Na2 Ba4 26. Re1 Rac8 27. Nac1 a5 28. f4 Nc5 29. Nxc5 bxc5 30. b3 Rb8 31. Ka2 Bc6 32. Bd1 a4 33. bxa4 Ra8 34. Nd3 Bxa4 35. Bxa4 Rxa4 36. Nb2 Ra7 37. Rd3 Rda8 38. Rb3 Bd8 39. Nd3 Ba5 40. Rd1 Bb4 41. Nxb4 cxb4 42. Rdd3 Ra4 43. c5 Kf8 44. Rxd4 Rxa3+ 45. Rxa3 Rxa3+ 46. Kb2 Rc3 47. Rxb4 1/2-1/2

[Event "Olympiad-40"]
[Site "Istanbul"]
[Date "2012.08.28"]
[Round "1.1"]
[White "Machin Rivera, Mark"]
[Black "Saric, Ivan"]
[Result "1/2-1/2"]
[WhiteElo "2323"]
[BlackElo "2638"]
[PlyCount "115"]
[EventDate "2012.08.28"]
[EventType "team-swiss"]
[EventRounds "11"]
[EventCountry "TUR"]
[SourceTitle "CBM 151"]
[Source "ChessBase"]
[SourceDate "2012.11.13"]
[SourceVersion "1"]
[SourceVersionDate "2012.11.13"]
[SourceQuality "1"]
[WhiteTeam "Puerto Rico"]
[BlackTeam "Croatia"]
[WhiteTeamCountry "PUR"]
[BlackTeamCountry "CRO"]

1. c4 g6 2. g3 Bg7 3. Bg2 c5 4. e3 Nc6 5. Ne2 e5 6. Nbc3 Nge7 7. 0-0 d6 8. d3 h5 9. h4 Bg4 10. Ne4 Qd7 11. a3 Rd8 12. Qc2 b6 13. N2c3 0-0 14. Kh2 f5 15. Ng5 f4 16. Nd5 f3 17. Bh3 Bh6 18. Bxg4 hxg4 19. Ne4 Qe6 20. Nc7 Qf7 21. Rh1 d5 22. cxd5 Nxd5 23. Nxd5 Qxd5 24. Qa4 Qe6 25. Qb5 Rf7 26. b4 cxb4 27. axb4 Qd5 28. Qa4 b5 29. Qa6 Kg7 30. Nc3 Nxb4 31. Nxd5 Nxa6 32. e4 Nc5 33. Bxh6+ Kxh6 34. Rhd1 Rd6 35. Rac1 Nd7 36. Rc7 a5 37. Ra7 Kg7 38. Rxa5 Nf6 39. Rxb5 Nxd5 40. exd5 Rfd7 41. Rb4 Rxd5 42. Rxg4 Kf6 43. Re4 Rxd3 44. Rxd3 Rxd3 45. g4 Ke6 46. Kg3 Kd5 47. Ra4 Ke6 48. Ra6+ Kf7 49. Ra1 Ke6 50. Rh1 Kf6 51. Rb1 e4 52. Rb6+ Kf7 53. Rb7+ Kf8 54. Rb4 e3 55. fxe3 Rxe3 56. Kf4 Ra3 57. Kg5 f2 58. Rb8+ 1/2-1/2